000 00439cam a2200181ua 4500
020 _c2.00
041 _aeng
_h
082 _a828.09
_bMUL/LI
100 _aMullik, B R .
245 _aLiterary essay vol-v theory of novel /
_cB R Mullik.
_hTextual Documents
250 _a2 /
_b.
260 _aNew Delhi :
_bS.Chand and Co ,
_c1960.
300 _a86 ; .
365 _a2.00
504 _a
942 _cBK
999 _c11969
_d11969